| 000 | 00525nam a22001697a 4500 | ||
|---|---|---|---|
| 003 | OSt | ||
| 005 | 20260305064811.0 | ||
| 008 | 260122b |||||||| |||| 00| 0 eng d | ||
| 020 | _a978-971-06-2856-8 | ||
| 040 |
_aDWCL-Main Lib _cOC |
||
| 082 |
_23rd ed. _aRes. 540 M540 2008 |
||
| 100 | _aMendoza, Estrella E. /Teresita F. RELIGIOSO | ||
| 245 | _aChemistry:Laboratory manual | ||
| 260 |
_aQuezon City: _bPhoenix Publishing House, Inc., _cc2008. |
||
| 300 |
_aix, 244 p.: _c26cm. |
||
| 942 |
_2ddc _cBK-0 CIRC _e3rd ed. _n0 _kRes. |
||
| 999 |
_c7672 _d7672 |
||